El Proceso de burocratización del Estado costarricense /
Sábháilte in:
| Príomhchruthaitheoir: | |
|---|---|
| Formáid: | Téacs |
| Clibeanna: |
Cuir clib leis
Níl clibeanna ann, Bí ar an gcéad duine le clib a chur leis an taifead seo!
|
MARC
| LEADER | 00000 a a2200000 04500 | ||
|---|---|---|---|
| 001 | 2948 | ||
| 003 | |||
| 040 | |||
| 100 | |a Garita Bonilla, Luis E. | ||
| 245 | |a El Proceso de burocratización del Estado costarricense / |c Luis E. Garita Bonilla | ||
| 500 | |a También EN: Edelman y Kenen: The Costa Rica Reader, 1989, páginas 137-140 (en inglés). # acceso CIDCACS: 10647.00 | ||
| 773 | |g número 1; páginas 105-117 | ||
| 999 | |c 27446 |d 27446 | ||
